000 01264nam2a2200241 4500
001 RU\NLR\BIBL_A\011858086
005 20181211171640.0
010 _a978-5-346-04273-0
_bч. 2
_9400
021 _aRU
_bКН-П-18-077219
_9КН-П-18-5583
035 _a(NLR Aleph) 011858086
090 _a12137578
_c12137578
100 _a20181108d2019 u y0rusy50 ca
101 0 _arus
102 _aRU
105 _ay z 000 y
200 0 _aЧ. 2
210 _d2019 [т.е. 2018]
300 _aКн. фактически издана в 2018 г.
461 0 _1001RU\NLR\BIBL_A\011858080
_12001#$aЛитература$e9 класс$eучебник для общеобразовательных организаций$eв трёх частях$f[составители : Г.И. Беленький и др.$gпод редакцией Г.И. Беленького]$vЧ. 2
_912137546
_cМосква
_d2019
_e20-е изд., стер.
_f[составители : Г.И. Беленький и др.
_nМнемозина
_o9 класс : учебник для общеобразовательных организаций : в трёх частях
_tЛитература
_y9785346042716
_vЧ. 2
942 _cBOOK
980 _aNB